| 000 | 005120000a22001810004500 | ||
|---|---|---|---|
| 003 | MACL | ||
| 005 | 20151028160948.0 | ||
| 008 | 151028b xxu||||| |||| 00| 0 eng d | ||
| 040 |
_aMACL _cmacl |
||
| 041 | _aEnglish | ||
| 082 | _a323/SIN | ||
| 100 |
_aSingh, Thingnam Kishan _917236 |
||
| 245 |
_aLook east policy & india's north east _bPolemics and perspective |
||
| 260 |
_bCentre for Alternative Discourse _c2009 _aNew Delhi |
||
| 350 | _a650 | ||
| 650 |
_aPolitical Science _988 |
||
| 942 |
_cBK _k323/SIN _2ddc |
||
| 999 |
_c44420 _d44420 |
||